Thư mục quốc gia Việt Nam năm 2006

Giới thiệu mục lục tên sách xuất bản trong năm 2006, thư mục được biên soạn trên cơ sở các ấn phẩm nộp lưu chiểu tại Thư viện Quốc gia Việt Nam.

Shranjeno v:
Bibliografske podrobnosti
Korporativna značnica: Thư viện Quốc gia Việt Nam
Format: Knjiga
Jezik:Undetermined
Izdano: Hà Nội Thư viện Quốc gia 2007
Teme:
Oznake: Označite
Brez oznak, prvi označite!
Thư viện lưu trữ: Trung tâm Học liệu Trường Đại học Cần Thơ
LEADER 00887nam a2200205Ia 4500
001 CTU_169490
008 210402s9999 xx 000 0 und d
082 |a 010.597 
082 |b Th550/Q.2 
110 |a Thư viện Quốc gia Việt Nam 
245 0 |a Thư mục quốc gia Việt Nam năm 2006 
245 0 |c Thư viện Quốc gia Việt Nam 
260 |a Hà Nội 
260 |b Thư viện Quốc gia 
260 |c 2007 
520 |a Giới thiệu mục lục tên sách xuất bản trong năm 2006, thư mục được biên soạn trên cơ sở các ấn phẩm nộp lưu chiểu tại Thư viện Quốc gia Việt Nam. 
650 |a Bibliography, national,Thư mục quốc gia 
650 |z Vietnam,Việt Nam 
904 |i Liên, Yen,Qhieu 
980 |a Trung tâm Học liệu Trường Đại học Cần Thơ